• 首页
  • 本馆介绍
  • 公告通知
  • 最新文献
  • 馆藏检索
  • 电子资源
  • 读者导购
  • 参考咨询
  • 我的图书馆
  • 登录
  • 详细信息显示
  • 放入我的书架
  • 预约/预借图书
  • 作者相关作品
  • 分类相关作品
  • 丛书相关作品
  • 出版社相关作品

书目信息

  • 表格格式
  • 工作单格式
  • 卡片格式
题名:
中国历代寓言小品
    
 
作者: 王玄武 选注
分册:  
出版信息: 武汉   湖北人民出版社  1983
页数: 825页
开本: 20cm
丛书名: 历代诗文名作
单 册:
中图分类: I276.4 , I26
科图分类:
主题词: 寓言--中国--古代--选集 , 寓言 , 散文--中国 , 散文--作品综合集--中国
电子资源:
ISBN: 7-216-01337-9
000 00839oam2 2200289 450
001 1533047946
005 20150121091114.57
010    @a7-216-01337-9@b精装@dCNY17.60
100    @a19950503e19941983em y0chiy0110 ea
101 0  @achi
102    @aCN@b420000
105    @ay z 000zy
200 1  @a中国历代寓言小品@9zhong guo li dai yu yan xiao pin@f王玄武等选注
210    @a武汉@c湖北人民出版社@d1983@h1994重印
215    @a825页@d20cm
225 2  @a历代诗文名作
330    @a收先秦至清代的寓言400余则,有原文、注释、译文和说明。
461  0 @12001 @a历代诗文名作
606 0  @a寓言@y中国@z古代@x选集
606 0  @a寓言
606 0  @a散文@x中国
606 0  @a散文@x作品综合集@x中国
690    @aI276.4@v三版
690    @aI26@v4
701  0 @a王玄武@9wang xuan wu@4选注
801  0 @aCN@bTSSF@c20150121
905    @aZUCC@dI26@eJY68
    
    中国历代寓言小品/王玄武等选注.-武汉:湖北人民出版社,1983(1994重印)
    825页;20cm.-(历代诗文名作)
    
    
    ISBN 7-216-01337-9(精装):CNY17.60
    收先秦至清代的寓言400余则,有原文、注释、译文和说明。
●
相关链接 在E读中查询图书 在五车中查询图书 在当当中查询图书 在豆瓣中查询图书


正题名:中国历代寓言小品     索取号:I26/JY68         预约/预借

序号 登录号 条形码 馆藏地/架位号 状态 备注
1 7836908   278369089   学院路分馆/ [索取号:I26/JY68] 在馆    
唐山师范学院图书馆 欢迎您!
大连网信软件有限公司© 版权所有